| 000 | 00812nam a2200265 i 4500 | ||
|---|---|---|---|
| 001 | 47829 | ||
| 003 | ES-MaACL | ||
| 005 | 20230906161636.0 | ||
| 007 | t| | ||
| 008 | 030528s2002 sp ||||1| spa d | ||
| 020 | _a84-368-1689-7 | ||
| 080 | _a347.719(460)"19"(094.5) | ||
| 110 | 2 |
_aEspaña. _bMinisterio de Economía y Hacienda. _93856 |
|
| 240 | 1 | 0 | _aPlan general de contabilidad |
| 245 | 1 | 0 |
_aPlan general de contabilidad / _cprólogo de Leandro Cañibano. |
| 250 | _a2ª ed. | ||
| 260 |
_aMadrid : _bPirámide, _c[2002] |
||
| 300 |
_a275 p. ; _c23 cm. |
||
| 490 | 1 | _aEconomía y empresa | |
| 650 | 1 | 4 |
_aContabilidad- _zEspaña. _911308 |
| 700 | 1 |
_aCañibano Calvo, Leandro. _934753 |
|
| 830 | 0 |
_aEconomía y empresa _9180436 |
|
| 852 |
_aES-MaACL _jL-26370 _bR.132191 |
||
| 999 |
_c47829 _d47829 |
||